| Tag |
First Indicator |
Second Indicator |
Subfields |
| LEADER |
00000pam a2200000 a 4500 |
| 001 |
in00000442921 |
| 005 |
20151012074159.0 |
| 008 |
860228s1986 txuacf b s00110aeng |
| 010 |
|
|
|a 86004948
|
| 020 |
|
|
|a 0292703791
|
| 035 |
|
|
|a (OCoLC)13327449
|
| 035 |
|
|
|9 ABX1821AM
|
| 040 |
|
|
|a DLC
|c DLC
|d TXA
|d UtOrBLW
|
| 043 |
|
|
|a n-us-tx
|
| 049 |
|
|
|a TXAM
|c [A09932837]
|a TXAS [dyks]
|c 2,3
|
| 050 |
0 |
0 |
|a F391
|b .L44 1986
|
| 082 |
0 |
|
|a 976.4/06/0924
|a B
|2 19
|
| 100 |
1 |
|
|a LeFors, Rufe,
|d 1859-1946.
|
| 245 |
1 |
0 |
|a "Facts as I remember them" :
|b the autobiography of Rufe LeFors /
|c edited by John Allen Peterson ; notes by H. Allen Anderson, James S. Peterson, and John Peterson.
|
| 250 |
|
|
|a 1st ed.
|
| 264 |
|
1 |
|a Austin :
|b University of Texas Press,
|c 1986.
|
| 300 |
|
|
|a xvii, 170 pages, 4 unnumbered pages of plates :
|b illustrations, portraits ;
|c 24 cm.
|
| 336 |
|
|
|a text
|b txt
|2 rdacontent
|
| 337 |
|
|
|a unmediated
|b n
|2 rdamedia
|
| 338 |
|
|
|a volume
|b nc
|2 rdacarrier
|
| 490 |
1 |
|
|a The M.K. Brown range life series ;
|v no. 16
|
| 500 |
|
|
|a Includes index.
|
| 504 |
|
|
|a Bibliography: pages [139]-160.
|
| 600 |
1 |
0 |
|a LeFors, Rufe,
|d 1859-1946.
|
| 650 |
|
0 |
|a Ranchers
|z Texas
|v Biography.
|
| 650 |
|
0 |
|a Ranch life
|z Texas
|x History.
|
| 651 |
|
0 |
|a Texas
|x Social life and customs.
|
| 700 |
1 |
|
|a Peterson, John Allen,
|d 1950-
|
| 740 |
4 |
|
|a The autobiography of Rufe Lefors.
|
| 830 |
|
0 |
|a M.K. Brown range life series ;
|v no. 16.
|
| 999 |
|
|
|a MARS
|
| 999 |
f |
f |
|s 34ed5582-2d10-3dbc-b9f6-d3997edc420d
|i 3250294b-aa31-3218-bd09-7badfcf2bf58
|t 0
|
| 952 |
f |
f |
|p noncirc
|a Texas A&M University
|b College Station
|c Cushing Memorial Library & Archives
|d Cushing: Dykes (Does not check out)
|t 0
|e F391 .L44 1986
|h Library of Congress classification
|i unmediated -- volume
|m a14851711771
|
| 952 |
f |
f |
|p noncirc
|a Texas A&M University
|b College Station
|c Cushing Memorial Library & Archives
|d Cushing: Dykes (Does not check out)
|t 0
|e F391 .L44 1986
|h Library of Congress classification
|i unmediated -- volume
|m a14851711789
|
| 952 |
f |
f |
|p ric
|a Texas A&M University
|b Rellis Campus
|c Joint Library Facility
|d Remote Storage
|t 0
|e F391 .L44 1986
|h Library of Congress classification
|i unmediated -- volume
|m A14809932837
|
| 998 |
f |
f |
|a F391 .L44 1986
|t 0
|l Remote Storage
|
| 998 |
f |
f |
|a F391 .L44 1986
|t 0
|l Cushing: Dykes (Does not check out)
|
| 998 |
f |
f |
|a F391 .L44 1986
|t 0
|l Cushing: Dykes (Does not check out)
|